| 000 | 01003nam a2200265 i 4500 | ||
|---|---|---|---|
| 001 | 8198 | ||
| 003 | KOSZ 005 | ||
| 005 | 20191018140639.0 | ||
| 008 | 081029s1957 pl a f 001 0 pol | ||
| 015 | _aPB 1957/6065 | ||
| 040 |
_aWA N _cKOSZ 005/RW _dKOSZ 005/RW |
||
| 080 | _a621 | ||
| 100 | 1 |
_aWerner, Jan _d(1904-1966). _eAutor |
|
| 245 | 1 | 0 |
_aSilniki spalinowe stałe małej i średniej mocy / _cJan Werner. |
| 260 |
_aWarszawa : _bPaństwowe Wydawnictwa Techniczne, _c1957. |
||
| 300 |
_a428 s. : _bil. ; _c25 cm. |
||
| 380 | _aKsiążki. | ||
| 504 | _aBibliogr. s. [424]. Indeks. | ||
| 521 | 8 | _aDla inżynierów i techników konstruktorów oraz dla słuchaczy wyższych mechanicznych szkół technicznych. | |
| 655 | 4 | _aPodręczniki akademickie | |
| 650 | 4 | _aSilniki spalinowe | |
| 710 | 2 |
_aPaństwowe Wydawnictwa Techniczne _4pbl. |
|
| 856 |
_uhttp://koha.tu.koszalin.pl/cgi-bin/koha/opac-detail.pl?biblionumber=8198 _yKatalog online BPK |
||
| 942 |
_2UKD _cKS |
||
| 999 |
_c8198 _d8198 |
||